Черное Таро: роман

Λεπτομέρειες βιβλιογραφικής εγγραφής
Κύριος συγγραφέας: Маркеев О. Олег
Άλλοι συγγραφείς: Николаев А. Андрей
Περίληψη:«Черное Таро» — вторая книга творческого тандема Олега Маркеева, известного по серии политических романов «Странник», и Андрея Николаева, автора шокирующего триллера «Русский экзорцист». Художник Игорь Корсаков волею судьбы оказывается втянут в яростную схватку могущественных сил за обладание загадочной колодой карт Таро Бафомета, с помощью которой возможен контроль за ходом истории как России, так и всей цивилизации. Действие романа происходит в начале двадцать первого века, исторические отступления позволяют проследить судьбы предков главного героя с 1812 года до крушения Российской Империи.
Γλώσσα:Ρωσικά
Έκδοση: СПб., Лениздат, 2005
Θέματα:
Μορφή: Βιβλίο
KOHA link:https://koha.lib.tpu.ru/cgi-bin/koha/opac-detail.pl?biblionumber=108117

MARC

LEADER 00000nam0a2200000 4500
001 108117
005 20231031115526.0
010 |a 5289021159 
035 |a (RuTPU)RU\TPU\book\116710 
090 |a 108117 
100 |a 20070115d2005 m y0rusy50 ca 
101 0 |a rus 
102 |a RU 
105 |a y z 000ay 
200 1 |a Черное Таро  |e роман  |f О. Маркеев, А. Николаев 
210 |a СПб.  |c Лениздат  |d 2005 
215 |a 320 с. 
330 |a «Черное Таро» — вторая книга творческого тандема Олега Маркеева, известного по серии политических романов «Странник», и Андрея Николаева, автора шокирующего триллера «Русский экзорцист». Художник Игорь Корсаков волею судьбы оказывается втянут в яростную схватку могущественных сил за обладание загадочной колодой карт Таро Бафомета, с помощью которой возможен контроль за ходом истории как России, так и всей цивилизации. Действие романа происходит в начале двадцать первого века, исторические отступления позволяют проследить судьбы предков главного героя с 1812 года до крушения Российской Империи. 
610 1 |a русская литература 
610 1 |a романы 
610 1 |a приключенческие романы 
610 1 |a фантастика 
675 |a Р2  |v 3 
700 1 |a Маркеев  |b О.  |g Олег 
701 1 |a Николаев  |b А.  |g Андрей 
801 1 |a RU  |b 63413507  |c 20070115  |g PSBO 
801 2 |a RU  |b 63413507  |c 20070124  |g PSBO 
942 |c BK